000 00750nam a22002177a 4500
003 UA-OsUOA
001 111700
007 ta
008 20150602b un ||||| |||| 00| 0 ukr d
090 _a016:929
_bГ70
942 _cBK
040 _aUA-OsUOA
_bukr
_cUA-OsUOA
_dUA-OsUOA
245 _aЄвгенія Іванівна Гороть
_bбіобібліографічний покажчик до 70-річчя від дня нароодження
_cуклад. І. П. Сидорук
300 _a76 с.
955 _a1
041 _aukr
080 _a016:929
260 _aЛуцьк
_bСЄНУ ім. Лесі Українки
_c2014
650 7 _a01 Бібліографія і бібліографії. Каталоги
_2UDC
999 _c397849
_d397849